The cambridge economic history of india vol-i c. 1200- c. 1750 (Record no. 1382)

MARC details
000 -LEADER
fixed length control field 00664cam a2200229ua 4500
001 - CONTROL NUMBER
control field 1493
005 - DATE AND TIME OF LATEST TRANSACTION
control field 20260515113336.0
008 - FIXED-LENGTH DATA ELEMENTS--GENERAL INFORMATION
fixed length control field 111125n ii |||gr||||Z||||||eng
020 ## - INTERNATIONAL STANDARD BOOK NUMBER
International Standard Book Number 81-250-2730-0
020 ## - INTERNATIONAL STANDARD BOOK NUMBER
International Standard Book Number 978-81-250-2730-0
040 ## - CATALOGING SOURCE
Transcribing agency MAIN
082 ## - DEWEY DECIMAL CLASSIFICATION NUMBER
Classification number 330.954
100 ## - MAIN ENTRY--PERSONAL NAME
Personal name Raychaudhuri, Tapan,
Relator term ed. by author.
245 1# - TITLE STATEMENT
Title The cambridge economic history of india vol-i c. 1200- c. 1750
Statement of responsibility, etc. ed. by Tapan raychaudhuri
250 ## - EDITION STATEMENT
Edition statement 1st.
260 ## - PUBLICATION, DISTRIBUTION, ETC.
Place of publication, distribution, etc. Hyderabad:
Name of publisher, distributor, etc. Orient Longman ltd.,
Date of publication, distribution, etc. 2007.
300 ## - PHYSICAL DESCRIPTION
Extent xvi; 543p:
Dimensions 23cm.
653 ## - INDEX TERM--UNCONTROLLED
Uncontrolled term Economics
653 ## - INDEX TERM--UNCONTROLLED
Uncontrolled term cambridge economics history
700 ## - ADDED ENTRY--PERSONAL NAME
Personal name Habib, Irfan,
Relator term ed. by author.
942 ## - ADDED ENTRY ELEMENTS (KOHA)
Koha item type Books
Holdings
Withdrawn status Lost status Damaged status Not for loan Home library Current library Shelving location Date acquired Total checkouts Full call number Barcode Date last seen Copy number Price effective from Koha item type
        Naharkatiya College Library Naharkatiya College Library General stacks 09/19/2020   330.954 | HAB 18472 09/19/2020 1 09/19/2020 Books